Wszyscy zwycięzcy Priemjer-Liga - Statystyki

Ogólne statystyki
  • Ten quiz został rozwiązany 34 razy
  • Średni wynik to 4 z 5
Statystyki odpowiedzi
Wygrane Odpowiedź % Poprawnych
9 Zenit
97%
6 CSKA
90%
10 Spartak Moskwa
81%
3 Lokomotiv Moskwa
55%
2 Rubin Kazań
35%
Nie znaleziono quizów pasujących do podanych kryteriów
Rozkład punktacji
Procent ludzi z każdym wynikiem
Percentyl według liczby udzielonych odpowiedzi
Twoja historia wyników
Nie rozwiązałeś tego quizu